Propagation of tropical and subtropical horticultural crops (Record no. 39780)

MARC details
000 -LEADER
fixed length control field 00437nam a2200157Ia 4500
082 ## - DEWEY DECIMAL CLASSIFICATION NUMBER
Classification number 631.53:634(213)
Item number BOS
245 #0 - TITLE STATEMENT
Title Propagation of tropical and subtropical horticultural crops
260 ## - PUBLICATION, DISTRIBUTION, ETC. (IMPRINT)
Place of publication Calcutta
Name of publisher Naya Prakash
Year of publication 1986
650 ## - SUBJECT ADDED ENTRY--TOPICAL TERM
Topical Term Horticultural crops
650 ## - SUBJECT ADDED ENTRY--TOPICAL TERM
Topical Term Plant propagation
650 ## - SUBJECT ADDED ENTRY--TOPICAL TERM
Topical Term Plantation crops
650 ## - SUBJECT ADDED ENTRY--TOPICAL TERM
Topical Term Rubber
700 ## - ADDED ENTRY--PERSONAL NAME
Personal name BOSE, T K
942 ## - ADDED ENTRY ELEMENTS (KOHA)
Koha item type Books
Holdings
Withdrawn status Lost status Damaged status Not for loan Home library Current library Date acquired Full call number Accession Number Koha item type
        RRII Library RRII Library 16/12/2021 631.53:634(213) BOS 20098 Books